书目信息 |
| 题名: |
农田生态过程与模型
|
|
| 作者: | 于强 编著 | |
| 分册: | ||
| 出版信息: | 北京 科学出版社 2007 |
|
| 页数: | 405页 | |
| 开本: | 23cm | |
| 丛书名: | 华夏英才基金学术文库 | |
| 单 册: | ||
| 中图分类: | S181 | |
| 科图分类: | ||
| 主题词: | 农业--生态学 , 农业 , 生态学 | |
| 电子资源: | ||
| ISBN: | 978-7-03-015598-6 | |
| 000 | 00998oam2 2200289 45 | |
| 001 | 020000007457 | |
| 005 | 20070805110739.09 | |
| 010 | @a978-7-03-015598-6@dCNY65.00 | |
| 100 | @a20061130d2007 em y0chiy0120 ea | |
| 101 | 0 | @achi |
| 102 | @aCN@b110000 | |
| 105 | @aa az 000yy | |
| 106 | @ar | |
| 200 | 1 | @a农田生态过程与模型@Anong tian sheng tai guo cheng yu mo xing@f于强等编著@Fyu qiang deng bian zhu |
| 210 | @a北京@c科学出版社@d2007 | |
| 215 | @a405页@c图@d23cm | |
| 225 | 2 | @a华夏英才基金学术文库@Ahua xia ying cai ji jin xue shu wen ku |
| 320 | @a有书目:第381-405页 | |
| 330 | @a本书是作者多年科学研究的总结,它概括地反映了作者在地理学、生态学及气象学研究领域的研究方法和学术思想。其内容包括作物生理生态、农田微气象、作物生长与环境因子的关系等。 | |
| 461 | 0 | @12001 @a华夏英才基金学术文库 |
| 606 | 0 | @a农业@x生态学 |
| 606 | 0 | @a农业 |
| 606 | 0 | @a生态学 |
| 690 | @aS181@v4 | |
| 701 | 0 | @a于强@Ayu qiang@4编著 |
| 801 | 0 | @aCN@b北京图联@c20070805 |
| 905 | @dS181@e68@f4 | |
| 农田生态过程与模型/于强等编著.-北京:科学出版社,2007 |
| 405页:图;23cm.-(华夏英才基金学术文库) |
| ISBN 978-7-03-015598-6:CNY65.00 |
| 本书是作者多年科学研究的总结,它概括地反映了作者在地理学、生态学及气象学研究领域的研究方法和学术思想。其内容包括作物生理生态、农田微气象、作物生长与环境因子的关系等。 |
| ● |
| 相关链接 |
|
|
|
|
正题名:农田生态过程与模型
索取号:S181/68
 
预约/预借
| 序号 | 登录号 | 条形码 | 馆藏地/架位号 | 状态 | 备注 |
| 1 | 0851998 | 208519986 | 第二样本阅览室/ [索取号:S181/68] | 在馆 | |
| 2 | 0851999 | 208519995 | 第三借阅区/ [索取号:S181/68] | 在馆 | |
| 3 | 0852000 | 208520000 | 第三借阅区/ [索取号:S181/68] | 在馆 | |
| 4 | 0852001 | 208520019 | 第三借阅区/ [索取号:S181/68] | 在馆 |